Teas, cocoa and coffee: plant secondary metabolites and health.
| Format: | Book |
|---|---|
| Published: |
Hoboken, New Jersey:
Blackwell Publishing,
2012.
|
| Subjects: |
| LEADER | 00458cam a2200145 7i4500 | ||
|---|---|---|---|
| 001 | 0000027947 | ||
| 005 | 20120823090000.0 | ||
| 020 | 0 | 0 | |a 9781444334418 |
| 090 | 0 | 0 | |a P 613.28 |b TEA |
| 245 | 0 | 0 | |a Teas, cocoa and coffee: plant secondary metabolites and health. |
| 260 | 0 | 0 | |a Hoboken, New Jersey: |b Blackwell Publishing, |c 2012. |
| 300 | # | # | |a 252 p. |
| 650 | 0 | 0 | |a Plant metabolites |
| 650 | 0 | 0 | |a Metabolism, secondary |
| 999 | |a B000030813 |b Book |c Products |e Business Information Centre | ||


